Effect of cytokinins on in vitro germination of Hevea somatic embryos (Record no. 57772)

MARC details
000 -LEADER
fixed length control field 00567nam a2200169Ia 4500
100 ## - MAIN ENTRY--AUTHOR NAME
Personal name Jasree P K
245 #0 - TITLE STATEMENT
Title Effect of cytokinins on in vitro germination of Hevea somatic embryos
260 ## - PUBLICATION, DISTRIBUTION, ETC. (IMPRINT)
Name of publisher Biotechnology and Rubber Tree : Proceedings of IRRDB Symposium 25-28 September 2001. CIRAD-CP/Rubber Programme, Montpellier, France
650 ## - SUBJECT ADDED ENTRY--TOPICAL TERM
Topical Term Cytokinins
650 ## - SUBJECT ADDED ENTRY--TOPICAL TERM
Topical Term Hevea
650 ## - SUBJECT ADDED ENTRY--TOPICAL TERM
Topical Term In vitro germination
650 ## - SUBJECT ADDED ENTRY--TOPICAL TERM
Topical Term Somatic embryos
700 ## - ADDED ENTRY--PERSONAL NAME
Personal name Sunitha S S
700 ## - ADDED ENTRY--PERSONAL NAME
Personal name Thulaseedharan A
942 ## - ADDED ENTRY ELEMENTS (KOHA)
Koha item type Journals
Holdings
Withdrawn status Lost status Damaged status Not for loan Home library Current library Shelving location Date acquired Koha item type
      Journals RRII Library RRII Library Biotechnology 01/01/2021 Journals